ՀՀ Գիտությունների ազգային ակադեմիայի հիմնարար գիտական գրադարան  =   Fundamental Scientific Library of NAS RA

Լուսաթևիկ : (Record no. 146729)

MARC details
000 -LEADER
fixed length control field 00864nam a2200217 a 4500
001 - CONTROL NUMBER
control field 000385266
003 - CONTROL NUMBER IDENTIFIER
control field AM-YeHGA
005 - DATE AND TIME OF LATEST TRANSACTION
control field 20250617132206.0
008 - FIXED-LENGTH DATA ELEMENTS--GENERAL INFORMATION
fixed length control field 041119s1992 ai 000 | arm d
040 ## - CATALOGING SOURCE
Original cataloging agency AM-YeHGA
041 0# - LANGUAGE CODE
Language code of text/sound track or separate title arm
090 ## - LOCALLY ASSIGNED LC-TYPE CALL NUMBER (OCLC); LOCAL CALL NUMBER (RLIN)
-- 148116
100 1# - MAIN ENTRY--PERSONAL NAME
Personal name Վարդունի, Վարսիկ Վրեժի
245 10 - TITLE STATEMENT
Title Լուսաթևիկ :
Remainder of title (Բանաստեղծություններ) /
Statement of responsibility, etc. Վ. Վարդունի; Խմբ.՝ Ֆ. Կիրակոսյան; Նկ.՝ Ա. Օհանյան.
260 ## - PUBLICATION, DISTRIBUTION, ETC.
Place of publication, distribution, etc. Երևան :
Name of publisher, distributor, etc. Մեհյան,
Date of publication, distribution, etc. 1992.
300 ## - PHYSICAL DESCRIPTION
Extent 28 էջ :
Other physical details գուն. նկ. ;
Dimensions 16 սմ.
440 #0 - SERIES STATEMENT/ADDED ENTRY--TITLE
Title Մանկական գրադարան
650 14 - SUBJECT ADDED ENTRY--TOPICAL TERM
Topical term or geographic name entry element Հայ մանկական գրականություն
General subdivision Պոեզիա
700 1# - ADDED ENTRY--PERSONAL NAME
Personal name Կիրակոսյան, Ֆրունզիկ Ասատուրի,
Dates associated with a name 1943-
Relator term խմբ.
Relationship edt
700 1# - ADDED ENTRY--PERSONAL NAME
Personal name Օհանյան, Արայիկ
Relator term նկ.
Relationship art
Holdings
Withdrawn status Lost status Damaged status Not for loan Collection Home library Current library Date acquired Total checkouts Full call number Barcode Date last seen Price effective from Koha item type Public note
        General Fundamental Scientific Library Fundamental Scientific Library 22/12/2016   AI/19947 FL0064925 22/12/2016 22/12/2016 Գրքեր / Books 30 Days Loan


ՀՀ ԳԱԱ հիմնարար գիտական գրադարան
ՀՀ,Երևան 0019
Մարշալ Բաղրամյան 24/6
հեռախոս:(374-10) 52-47-50
Հետադարձ կապ

All site content, except where otherwise noted, is licensed under a
Creative Commons License